Central Library OPAC University of Rajshahi

বিশ্ব দারিদ্র / (Record no. 47371)

MARC details
000 -LEADER
fixed length control field 00839nam a2200241 a 4500
001 - CONTROL NUMBER
control field 47371
003 - CONTROL NUMBER IDENTIFIER
rucl marc code BD-RjUL
005 - DATE AND TIME OF LATEST TRANSACTION
control field 20211209054313.0
008 - FIXED-LENGTH DATA ELEMENTS--GENERAL INFORMATION
fixed length control field 160808s1983 bg |||| b||| 000 0 ben d
020 ## - INTERNATIONAL STANDARD BOOK NUMBER
Terms of availability : Tk. 15.00
035 ## - SYSTEM CONTROL NUMBER
System control number (BD-RjUL)47490
040 ## - CATALOGING SOURCE
Original cataloging agency BD-RjUL
Language of cataloging ben
Transcribing agency BD-RjUL
041 ## - LANGUAGE CODE
Language code of text/sound track or separate title ben
082 ## - DEWEY DECIMAL CLASSIFICATION NUMBER
Edition number 23
Classification number 339.46
Author mark and year HEB 1983
100 10 - MAIN ENTRY--PERSONAL NAME
Personal name হেয়টার, টেরেসা
9 (RLIN) 144128
245 10 - TITLE STATEMENT
Title বিশ্ব দারিদ্র /
Statement of responsibility, etc. টেরেসা হেয়টার
260 ## - PUBLICATION, DISTRIBUTION, ETC. (IMPRINT)
Place of publication, distribution, etc. ঢাকা :
Name of publisher, distributor, etc. গণ উন্নয়ন গ্রন্থাগার,
Date of publication, distribution, etc. ১৯৮৩
300 ## - PHYSICAL DESCRIPTION
Pagination [৪] ১৫৯ পৃ. ;
Size ১৯ সেমি.
504 ## - BIBLIOGRAPHY, ETC. NOTE
Bibliography, etc গ্রন্থপঞ্জি সংযুক্ত
650 ## - SUBJECT ADDED ENTRY--TOPICAL TERM
Topical term or geographic name as entry element দারিদ্র
9 (RLIN) 144129
Topical term or geographic name as entry element Proverty
9 (RLIN) 144130
942 ## - ADDED ENTRY ELEMENTS (KOHA)
Source of classification or shelving scheme Dewey Decimal Classification
Koha item type Books
Holdings
Lost status Source of classification or shelving scheme Damaged status Not for loan Collection code Permanent Location Current Location Shelving location Date acquired Source of acquisition Cost, normal purchase price Total Checkouts Full call number Date last seen Copy number Koha item type
  Dewey Decimal Classification     Non-fiction Central Library, University of Rajshahi Central Library, University of Rajshahi   04/04/1984 Gangonthagar, Dhaka 21.25   B 339.46 HEB 1983 08/08/2016 C-2 Books
  Dewey Decimal Classification   Not For Loan Non-fiction Central Library, University of Rajshahi Central Library, University of Rajshahi Reading Room 04/04/1984 Gono Prokashani, Dacca 21.15   B 339.46 HEB 1983 26/12/2016 C-1 Books